| 000 | 00621nam a2200181Ia 4500 | ||
|---|---|---|---|
| 008 | 100921s9999 xx 000 0 und d | ||
| 082 |
_b29210 _a891.463 थ 97 |
||
| 100 | _aप्रधान मधुकर लक्ष्मण. | ||
| 245 | _aचंद्रभूल. | ||
| 260 |
_bप्रपंच प्रकाशन, पुण्ेा. _c1997 |
||
| 300 |
_a111 _bरसिक साहित्य,पुणे |
||
| 365 | _b50 | ||
| 520 | _aललित-कथा. | ||
| 630 | _aचंद्रभूल. | ||
| 650 | _aललित-कथा. | ||
| 730 | _aचंद्रभूल. | ||
| 942 | _cBOOK | ||
| 999 |
_c778323 _d778320 |
||